000
00296nam a22001097a 4500
082
_a
400
100
_a
Prasad,S.N.
_9
78665
245
_a
SSC English Language Chapterwise Solved Papers 2023 16800+ Objective Question
260
_a
Delhi
_b
Kiran Publication
_c
2023
650
_a
english
942
_c
BK
999
_c
66194
_d
66194